[Event "AUTO-OPEN-2924"]
[Site "http://www.queenalice.com/game.php?id=1154452"]
[Date "2013.2.22"]
[Round "1"]
[White "sandro83"]
[Black "MORTIMER"]
[Result "0-1"]
[WhiteElo "2030"]
[BlackElo "1974"]

1. e4 c5 2. Nf3 e6 3. Nc3 Nc6 4. d4 cxd4 5. Nxd4 Nf6 6. Bb5 Bb4 7. Qd3 O-O 8.
Bg5 Be7 9. Nf3 Qc7 10. Bxc6 dxc6 11. e5 Nd5 12. Bxe7 Qxe7 13. O-O Nxc3 14. Qxc3
c5 15. Rfe1 b6 16. Rad1 Bb7 17. Rd3 Rfd8 18. Rxd8+ Rxd8 19. h3 h6 20. Qa3 Bxf3
21. Qxf3 Qg5 22. b3 Rd5 23. Rd1 Qxe5 24. Rxd5 Qxd5 25. Qxd5 exd5 26. c3 g5 27.
f3 f5 28. g3 Kf7 29. Kf2 f4 30. g4 Ke7 31. Ke2 b5 32. Kd3 Ke6 33. a4 bxa4 34.
bxa4 c4+ 35. Kc2 Ke5 36. a5 d4 37. cxd4+ Kxd4 38. a6 Ke3 39. Kc3 Kxf3 40. Kxc4
Ke3 0-1

[Event "AUTO-OPEN-2924"]
[Site "http://www.queenalice.com/game.php?id=1154479"]
[Date "2013.2.22"]
[Round "1"]
[White "sandro83"]
[Black "Canuma"]
[Result "1-0"]
[WhiteElo "1901"]
[BlackElo "1622"]

1. e4 c5 2. Nf3 Nc6 3. Nc3 g6 4. d4 cxd4 5. Nxd4 Bg7 6. Be3 Nf6 7. Bc4 O-O 8.
Bb3 d6 9. Qd2 a6 10. O-O-O Bd7 11. h3 b5 12. g4 Ne5 13. f4 Nc4 14. Bxc4 bxc4 15.
e5 dxe5 16. fxe5 Nxg4 17. hxg4 Bxg4 18. Nc6 Qc7 19. Nd5 Qb7 20. Ndxe7+ Kh8 21.
Bh6 Bxd1 22. Bxg7+ 1-0

[Event "AUTO-OPEN-2924"]
[Site "http://www.queenalice.com/game.php?id=1154480"]
[Date "2013.2.22"]
[Round "1"]
[White "Canuma"]
[Black "sandro83"]
[Result "1-0"]
[WhiteElo "1724"]
[BlackElo "1966"]

1. e4 e5 2. Nf3 Nc6 3. Bb5 Bc5 4. O-O Nf6 5. Bxc6 dxc6 6. Nxe5 Qd4 7. Nf3 Qe5 8.
Nxe5 O-O 9. d3 Re8 10. Nc4 Bg4 11. Qe1 h5 12. Be3 Be7 13. Nc3 h4 14. h3 Bh5 15.
Na5 Bb4 16. Nxb7 Reb8 17. Nc5 a5 18. N5a4 Nd7 19. f4 Be7 20. Qd2 Bf6 21. e5 Be7
22. d4 Nf8 23. f5 Nh7 24. f6 gxf6 25. exf6 Bxf6 26. Rxf6 Nxf6 27. Rf1 Ne8 28.
Bh6 Bg6 29. Rf4 Nd6 30. Rxh4 Nf5 31. Qg5 Nxh4 32. Qxh4 Ra6 33. Qf6 1-0

[Event "AUTO-MASTER-1825"]
[Site "http://www.queenalice.com/game.php?id=1154615"]
[Date "2013.2.22"]
[Round "1"]
[White "alvm"]
[Black "sandro83"]
[Result "0-1"]
[WhiteElo "1908"]
[BlackElo "2058"]

1. d4 d5 2. c4 e6 3. Nc3 Nf6 4. Bg5 Be7 5. e3 Nc6 6. Nf3 O-O 7. Rc1 h6 8. Bxf6
Bxf6 9. Bd3 Ne7 10. cxd5 exd5 0-1

[Event "AUTO-MASTER-1825"]
[Site "http://www.queenalice.com/game.php?id=1154616"]
[Date "2013.2.22"]
[Round "1"]
[White "sandro83"]
[Black "alvm"]
[Result "1-0"]
[WhiteElo "2047"]
[BlackElo "1919"]

1. e4 Nf6 2. Nc3 d5 3. exd5 Nxd5 4. Bc4 c6 5. Nf3 Bg4 6. d4 e6 7. Nxd5 exd5 8.
Be2 Be7 9. Ne5 Bxe2 10. Qxe2 O-O 11. O-O 1-0

[Event "AUTO-MASTER-1825"]
[Site "http://www.queenalice.com/game.php?id=1154629"]
[Date "2013.2.22"]
[Round "1"]
[White "clovis"]
[Black "sandro83"]
[Result "0-1"]
[WhiteElo "1928"]
[BlackElo "1940"]

1. e4 e5 2. Bc4 Nf6 3. Nc3 Bb4 4. Nf3 d6 5. O-O O-O 6. d3 Bg4 7. Bg5 Nbd7 8. Nd5
Ba5 9. h3 Be6 10. Nh4 Bxd5 11. Bxd5 c6 12. Bb3 h6 13. Bxf6 Nxf6 14. Nf5 Re8 15.
c3 Qd7 16. Qd2 d5 17. Nxh6+ gxh6 18. Qxh6 Nh7 19. f4 Bb6+ 20. Kh1 Be3 0-1

[Event "AUTO-MASTER-1825"]
[Site "http://www.queenalice.com/game.php?id=1154630"]
[Date "2013.2.22"]
[Round "1"]
[White "sandro83"]
[Black "clovis"]
[Result "1/2-1/2"]
[WhiteElo "1956"]
[BlackElo "1912"]

1. e4 e5 2. Nf3 Nc6 3. Bb5 f5 4. d3 fxe4 5. dxe4 Nf6 6. Nc3 Bc5 7. O-O d6 8. Bg5
O-O 9. Bc4+ Kh8 10. Nd5 Qe8 11. Bxf6 gxf6 12. Nxc7 Qe7 13. Nxa8 Bg4 14. Be2 Rxa8
15. Nh4 Be6 16. Bg4 Rg8 17. Bxe6 Qxe6 18. Nf5 Nd4 19. Nxd4 Bxd4 20. c3 Qh3 21.
g3 Rxg3+ 22. hxg3 Qxg3+ 1/2-1/2

[Event "AUTO-MASTER-1825"]
[Site "http://www.queenalice.com/game.php?id=1154637"]
[Date "2013.2.22"]
[Round "1"]
[White "Euwe"]
[Black "sandro83"]
[Result "1-0"]
[WhiteElo "2135"]
[BlackElo "1977"]

1. e4 e5 2. Nf3 Nc6 3. Bb5 Nf6 4. O-O d6 5. d4 Bd7 6. d5 Ne7 7. Qd3 Ng6 8. Qb3
Rb8 9. Nc3 Be7 10. Bxd7+ Qxd7 11. Be3 b6 12. Ne1 O-O 13. Nd3 a5 14. a4 Nh5 15.
Qb5 Qc8 16. Qc4 Nhf4 17. Bxf4 Nxf4 18. Nxf4 exf4 19. Ne2 Bg5 20. c3 Re8 21. Rfe1
h6 22. Nd4 Bf6 23. f3 Bxd4+ 24. cxd4 Qd7 25. Qc1 g5 26. Qc2 Re7 27. b3 Rbe8 28.
Kf2 Kg7 29. g4 h5 30. h3 h4 31. Rec1 Rh8 32. Qd3 f6 33. Rc6 Rhe8 34. Rac1 Rf7
35. Qc4 Ree7 36. b4 axb4 37. Qxb4 Qd8 38. a5 bxa5 39. Qxa5 Qb8 40. Qc3 Qb5 41.
Rc4 Kg6 42. Rb4 Qd7 43. Qc2 Kg7 44. Rb7 Qc8 45. Qb3 Kg6 46. Ra7 Kg7 47. Rc2 Rd7
48. Qb7 Qd8 49. Ra8 Qe7 50. Rc8 c5 51. Qb8 Rb7 52. Rg8+ Kh6 53. Qc8 Rg7 54. Rh8+
Rh7 55. dxc5 dxc5 56. Re8 Qd7 57. Qc6 Qxc6 58. dxc6 Rb5 59. Re6 Rf7 60. e5 Kg7
61. Rxf6 Rc7 62. Rd2 Rb8 63. Rdd6 c4 64. Rf5 c3 65. Rxg5+ Kh7 66. e6 c2 67. Rc5
Rb2 68. Ke1 Rb1+ 69. Ke2 c1=Q 70. Rxc1 Rxc1 71. Rd7+ 1-0

[Event "AUTO-MASTER-1825"]
[Site "http://www.queenalice.com/game.php?id=1154638"]
[Date "2013.2.22"]
[Round "1"]
[White "sandro83"]
[Black "Euwe"]
[Result "0-1"]
[WhiteElo "1971"]
[BlackElo "2111"]

1. e4 c5 2. Nf3 d6 3. Nc3 e5 4. Bc4 Be7 5. O-O Nf6 6. d3 O-O 7. Nd5 Nxd5 8. Bxd5
Nc6 9. Bd2 Bg4 10. h3 Be6 11. c3 Qd7 12. Qb3 Bf6 13. Bg5 Bxg5 14. Nxg5 Bxd5 15.
Qxd5 Ne7 16. Qb3 Ng6 17. Rfe1 Nf4 18. Re3 b5 19. h4 Nxd3 20. c4 bxc4 21. Qxc4
Nxb2 22. Qc2 Rab8 23. Rb3 Na4 24. Rab1 Nb6 25. a4 Qxa4 26. Qb2 h6 27. Ra1 Nc4
28. Rxb8 Nxb2 29. Rxf8+ Kxf8 30. Rxa4 Nxa4 31. Nf3 Nc3 32. Nd2 a5 33. f3 a4 34.
Nc4 Nb5 35. Nd2 a3 36. Nb3 a2 37. Kf1 c4 38. Na1 Nd4 39. Ke1 Nb3 40. Nc2 Ke7 0-1

[Event "AUTO-ADV-2700"]
[Site "http://www.queenalice.com/game.php?id=1154952"]
[Date "2013.2.23"]
[Round "2"]
[White "FabioSelinger"]
[Black "sandro83"]
[Result "0-1"]
[WhiteElo "1936"]
[BlackElo "1976"]

1. e4 e5 2. Nf3 Nc6 3. Bc4 Nf6 4. Ng5 d5 5. exd5 Nxd5 6. d4 Nxd4 7. c3 Ne6 8.
Nxf7 Kxf7 9. Bxd5 Qf6 10. Nd2 c6 11. Ne4 Qd8 12. Bxe6+ Bxe6 13. Qxd8 Rxd8 14.
O-O Be7 15. Ng5+ Bxg5 16. Bxg5 Rde8 17. Rfe1 Bd5 18. b3 b5 19. Rad1 Rhf8 20. Rd3
Re6 21. Rde3 Rfe8 22. f3 h6 23. Bh4 a5 24. Bg3 e4 25. f4 a4 26. f5 R6e7 27. Bd6
Rd7 28. Bc5 axb3 29. axb3 Bxb3 30. Rxe4 Rxe4 31. Rxe4 Bd5 32. Re3 Kf6 33. Kf2
Kxf5 34. Re8 Bc4 35. Re7 Rxe7 36. Bxe7 g6 37. h4 h5 38. Ke3 Kg4 39. Kf2 Kf4 40.
g3+ Ke4 41. Bc5 Kd3 42. Bd4 b4 43. Ke1 b3 0-1

[Event "AUTO-ADV-2700"]
[Site "http://www.queenalice.com/game.php?id=1154953"]
[Date "2013.2.23"]
[Round "2"]
[White "sandro83"]
[Black "FabioSelinger"]
[Result "1-0"]
[WhiteElo "1961"]
[BlackElo "1963"]

1. e4 c5 2. Nf3 Nc6 3. Nc3 e6 4. d4 cxd4 5. Nxd4 d6 6. Be3 Nf6 7. Be2 Be7 8. O-O
O-O 9. f4 Nxd4 10. Bxd4 b6 11. Bf3 Bb7 12. Qd3 a5 13. Rad1 a4 14. Nb5 Ba6 15. c4
d5 16. exd5 exd5 17. Bxf6 Bxf6 18. Bxd5 Rc8 19. Nd6 Qc7 20. Nxc8 Bxc8 21. Qa3
Bd7 22. Rd2 Rd8 23. h3 Kh8 24. Bxf7 b5 25. cxb5 Bxb5 26. Rxd8+ Qxd8 27. Re1 h6
28. Re8+ Bxe8 29. Qf8+ Kh7 30. Qg8# 1-0

[Event "AUTO-ADV-2700"]
[Site "http://www.queenalice.com/game.php?id=1154958"]
[Date "2013.2.23"]
[Round "2"]
[White "sandro83"]
[Black "trunksjackson"]
[Result "1-0"]
[WhiteElo "2032"]
[BlackElo "1995"]

1. e4 c5 2. Nf3 e6 3. Nc3 Nc6 4. Bb5 Qc7 5. d3 a6 6. Bxc6 bxc6 7. O-O d5 8. Re1
Nf6 9. Bg5 Be7 10. Bh4 O-O 11. Bg3 Qd7 12. e5 Nh5 13. Bh4 Nf4 14. Bxe7 Qxe7 15.
Qd2 Ng6 16. Na4 Rb8 17. Qc3 Rb5 18. d4 cxd4 19. Nxd4 Rb4 20. Nxc6 Qb7 21. Nxb4
Qb5 22. b3 Bb7 23. Nc5 Rc8 24. Nbd3 Qc6 25. Qb4 Ba8 26. Qa4 Qb6 27. Qxa6 Qd8 28.
Qd6 Qg5 29. Nxe6 d4 30. Nxg5 1-0

[Event "AUTO-ADV-2700"]
[Site "http://www.queenalice.com/game.php?id=1154959"]
[Date "2013.2.23"]
[Round "2"]
[White "trunksjackson"]
[Black "sandro83"]
[Result "0-1"]
[WhiteElo "2029"]
[BlackElo "1999"]

1. e4 e5 2. Nf3 Nc6 3. Bb5 d6 4. d4 exd4 5. Nxd4 Bd7 6. Nxc6 Bxc6 7. Bxc6+ bxc6
8. O-O Nf6 9. Nc3 Be7 10. Re1 O-O 11. Bf4 Rb8 12. b3 Re8 13. e5 dxe5 14. Qxd8
Rbxd8 15. Rxe5 Bd6 16. Rxe8+ Rxe8 17. Be3 Be5 18. Bd2 Ne4 19. Re1 Nxd2 20. f4
Bd4+ 0-1

[Event "AUTO-ADV-2700"]
[Site "http://www.queenalice.com/game.php?id=1154960"]
[Date "2013.2.23"]
[Round "2"]
[White "sandro83"]
[Black "Paulsains"]
[Result "1-0"]
[WhiteElo "1990"]
[BlackElo "1813"]

1. e4 e5 2. Nf3 Nf6 3. Nxe5 d6 4. Nf3 Nxe4 5. Qe2 Qe7 6. d3 Nf6 7. Bg5 Qxe2+ 8.
Bxe2 Be7 9. Nc3 Nc6 10. Nb5 Kd7 11. c3 a6 12. Nbd4 Nxd4 13. Nxd4 Nd5 14. Bxe7
Kxe7 15. O-O Re8 16. Rfe1 Kf8 17. Bf3 Nf4 18. Rxe8+ Kxe8 19. Re1+ Kf8 20. Re3
Rb8 21. g3 Ne6 22. Nb3 b6 23. d4 Bb7 24. Bxb7 Rxb7 25. d5 Nc5 26. Nxc5 bxc5 27.
Re2 f6 28. Kg2 Kf7 29. Kf3 g5 30. b3 h5 31. Ke4 Kg6 32. Kd3 Kf5 33. Re7 Kg4 34.
Rf7 f5 35. Ke3 a5 36. f3+ Kh3 37. Rxf5 Kxh2 38. Rxg5 Rb8 39. Kf2 Rh8 40. Rg7 h4
41. gxh4 Rxh4 42. Rxc7 a4 43. bxa4 Rh6 44. a5 1-0

[Event "AUTO-ADV-2700"]
[Site "http://www.queenalice.com/game.php?id=1154961"]
[Date "2013.2.23"]
[Round "2"]
[White "Paulsains"]
[Black "sandro83"]
[Result "0-1"]
[WhiteElo "1864"]
[BlackElo "1967"]

1. e4 e5 2. Nf3 Nc6 3. Bc4 h6 4. O-O Nf6 5. Nc3 Bc5 6. h3 O-O 7. b3 d6 8. Bb2
Nd4 9. Nxd4 Bxd4 10. Na4 Bxb2 11. Nxb2 Nxe4 12. Bd5 Nf6 13. c4 c6 14. Bf3 e4 15.
Be2 Re8 16. d3 Bf5 17. dxe4 Nxe4 18. Bd3 Qd7 19. Qf3 Re5 20. Rfe1 Ng5 21. Qg3
Bxd3 22. Nxd3 Rxe1+ 23. Rxe1 a6 24. Rd1 Qe6 25. Nf4 Qf6 26. Nh5 Qe5 27. f4 Qc5+
28. Kh1 Ne6 29. Re1 Qxh5 30. Qe3 Qa5 31. Re2 Qf5 32. Rf2 Re8 33. Qg3 Qb1+ 34.
Kh2 Nc5 35. f5 Re1 36. Qxd6 Rh1+ 37. Kg3 Ne4+ 0-1

[Event "Challenge"]
[Site "http://www.queenalice.com/game.php?id=1157836"]
[Date "2013.3.5"]
[Round "-"]
[White "Ebbe"]
[Black "sandro83"]
[Result "1-0"]
[WhiteElo "1956"]
[BlackElo "2045"]

1. d4 d5 2. c4 c6 3. Nc3 Nf6 4. h3 e6 5. a3 Be7 6. Nf3 Nbd7 7. c5 O-O 8. Bf4 b6
9. b4 bxc5 10. dxc5 a5 11. e3 Ba6 12. Bxa6 Rxa6 13. b5 cxb5 14. O-O Bxc5 15.
Nxb5 Bb6 16. Rc1 Nc5 17. Bd6 Nfe4 18. Bxf8 Kxf8 19. Nbd4 Bc7 20. Nd2 Qd6 21.
N2f3 Rb6 22. Ne2 Ng5 23. Ng3 Nge4 24. Nxe4 Nxe4 25. Qe1 Ng5 26. Rxc7 Nxf3+ 27.
gxf3 Qxc7 28. Qxa5 Qb8 29. Qc5+ Kg8 30. Rc1 g6 31. Qc8+ Qxc8 32. Rxc8+ Kg7 33.
Ra8 Rd6 34. a4 e5 35. a5 d4 36. exd4 exd4 37. Kf1 d3 38. Ke1 d2+ 39. Kd1 Kh6 40.
a6 Kh5 41. Ra7 Kh4 42. Rxf7 Kxh3 43. Rxh7+ Kg2 44. a7 Rd8 45. Rg7 Kxf2 46. Rxg6
Ke3 47. Rd6 Ra8 48. Ra6 Rc8 49. Ra3+ 1-0

[Event "Challenge"]
[Site "http://www.queenalice.com/game.php?id=1168314"]
[Date "2013.4.4"]
[Round "-"]
[White "waldi"]
[Black "sandro83"]
[Result "1/2-1/2"]
[WhiteElo "1868"]
[BlackElo "2023"]

1. e4 e5 2. Nf3 Nc6 3. Bb5 d6 4. Bxc6+ bxc6 5. d3 Nf6 6. Bg5 Be7 7. Nbd2 O-O 8.
Qe2 Rb8 9. b3 Bg4 10. h3 Bh5 11. Qe3 Re8 12. Nh4 d5 13. Nf5 Bg6 14. Nxe7+ Qxe7
15. O-O Qe6 16. f4 exf4 17. Rxf4 dxe4 18. Bxf6 gxf6 19. Nxe4 f5 20. Qxa7 fxe4
21. dxe4 Bxe4 22. Re1 Ra8 23. Qxc7 Qd5 24. c4 Qd4+ 25. Kh2 Ra7 26. Rg4+ Kh8 27.
Qg3 Rae7 28. Qh4 Qd6+ 29. Kg1 Bf5 30. Rxe7 Rxe7 31. Rd4 Re1+ 32. Kf2 Qe6 33.
Rd8+ Kg7 34. Qd4+ Qe5 35. Qxe5+ Rxe5 36. Rd6 Rc5 37. Ke3 Bb1 38. Rd2 1/2-1/2

[Event "AUTO-ADV-2688"]
[Site "http://www.queenalice.com/game.php?id=1170962"]
[Date "2013.4.12"]
[Round "2"]
[White "sandro83"]
[Black "MariusLola"]
[Result "1-0"]
[WhiteElo "2007"]
[BlackElo "1837"]

1. e4 e5 2. Nf3 Nc6 3. Nc3 Nf6 4. d4 exd4 5. Nxd4 Bb4 6. Nxc6 bxc6 7. Bd2 O-O 8.
f3 Re8 9. Qe2 d5 10. O-O-O Bf5 11. Qa6 Bd7 12. e5 Rxe5 13. Bf4 Re6 14. Qd3 a5
15. a3 Bd6 16. Bg5 h6 17. Bh4 Be7 18. g4 Nh7 19. Bg3 Bg5+ 20. f4 Bh4 21. Bg2
Bxg3 22. hxg3 Qf6 23. g5 Qg6 24. Qxg6 Rxg6 25. gxh6 Rxg3 26. Bxd5 cxd5 27. Nxd5
gxh6 28. Nxc7 Rd8 29. Rxh6 Rg6 30. Rxg6+ fxg6 31. Ne6 Bxe6 32. Rxd8+ Kf7 33. Ra8
Nf6 34. Rxa5 Nd5 35. Ra4 Kf6 36. Kd2 Kf5 37. Rd4 Nxf4 38. b4 g5 39. b5 g4 40. b6
g3 41. b7 g2 42. b8=Q g1=Q 43. Qxf4+ Kg6 44. Qe4+ Bf5 45. Rd6+ Kg5 46. Qe3+
Qxe3+ 47. Kxe3 Bxc2 48. Rd4 Bb3 49. a4 Bxa4 50. Rxa4 Kf5 51. Ra5+ Ke6 52. Ke4
Kd6 53. Re5 Kc6 54. Rd5 Kb6 55. Kd4 Kc6 56. Kc4 Kb6 57. Rc5 Kb7 58. Kb5 Ka7 59.
Rc7+ Ka8 60. Ka6 Kb8 61. Kb6 Ka8 62. Rc8# 1-0

[Event "AUTO-ADV-2688"]
[Site "http://www.queenalice.com/game.php?id=1170963"]
[Date "2013.4.12"]
[Round "2"]
[White "MariusLola"]
[Black "sandro83"]
[Result "0-1"]
[WhiteElo "1836"]
[BlackElo "2028"]

1. e4 e5 2. Nf3 Nc6 3. Bb5 d6 4. d4 Bd7 5. c4 exd4 6. Bxc6 Bxc6 7. Qxd4 Nf6 8.
Nc3 Be7 9. O-O O-O 10. b4 Bd7 11. a3 Re8 12. Nd5 Nxd5 13. Bb2 Bf6 14. Qxd5 Bxb2
15. Ra2 Bc6 16. Qh5 Be5 17. Ng5 Qf6 18. Nxh7 Qf4 19. g3 Qxe4 20. Nf6+ Bxf6 21.
Qh3 Qh1# 0-1

[Event "AUTO-ADV-2688"]
[Site "http://www.queenalice.com/game.php?id=1170964"]
[Date "2013.4.12"]
[Round "2"]
[White "sandro83"]
[Black "Esvir"]
[Result "1-0"]
[WhiteElo "2012"]
[BlackElo "1884"]

1. e4 e5 2. Nf3 d6 3. Nc3 a6 4. d4 exd4 5. Nxd4 Nf6 6. Bg5 Be7 7. Nf3 O-O 8. Bc4
b5 9. Bd5 c6 10. Bb3 c5 11. Bxf6 Bxf6 12. Bd5 Ra7 13. O-O b4 14. Na4 Bd7 15. c3
Bxa4 16. Qxa4 bxc3 17. bxc3 Bxc3 18. Rac1 Bf6 19. Rfe1 Nd7 20. Rb1 Nb6 21. Qc6
Nxd5 22. exd5 Bc3 23. Re3 Bb4 24. a3 Ba5 25. h3 g6 26. Re4 h5 27. Qa4 Kg7 28. h4
f6 29. Re6 Bc3 30. Qc6 Be5 31. Nxe5 dxe5 32. Qxc5 Rd7 33. d6 Rff7 34. Qc6 a5 35.
Rb5 f5 36. Rbxe5 Rf6 37. Re8 Rdxd6 38. R5e7+ Rf7 39. Qc3+ Kh6 40. Qh8+ 1-0

[Event "AUTO-ADV-2688"]
[Site "http://www.queenalice.com/game.php?id=1170965"]
[Date "2013.4.12"]
[Round "2"]
[White "Esvir"]
[Black "sandro83"]
[Result "0-1"]
[WhiteElo "1964"]
[BlackElo "2016"]

1. d4 d5 2. Nf3 Nc6 3. e3 Nf6 4. c4 Bg4 5. c5 e5 6. Be2 Bxf3 7. Bxf3 e4 8. Be2
Be7 9. O-O O-O 10. a3 h6 11. b4 a6 12. Nc3 b5 13. cxb6 cxb6 14. b5 axb5 15. Bxb5
Qc7 16. Qb3 Rfd8 17. a4 Ng4 18. g3 Nf6 19. Bd2 h5 20. f3 Na5 21. Qd1 exf3 22.
Rxf3 Nc4 23. Bxc4 dxc4 24. Nb5 Qc6 25. Qe2 Ne4 26. Raf1 Ng5 27. Rf5 Nh3# 0-1

[Event "AUTO-ADV-2688"]
[Site "http://www.queenalice.com/game.php?id=1170966"]
[Date "2013.4.12"]
[Round "2"]
[White "sandro83"]
[Black "Andrez"]
[Result "1-0"]
[WhiteElo "2052"]
[BlackElo "2012"]

1. e4 e5 2. Nf3 Nc6 3. Nc3 d6 4. Bb5 Nf6 5. O-O Be7 6. d3 O-O 7. Re1 h6 8. Be3
a6 9. Bc4 b5 10. Bd5 Nxd5 11. Nxd5 f5 12. exf5 Bxf5 13. h3 Qd7 14. Nxe7+ Nxe7
15. Kh2 Rf7 16. Nh4 Bh7 17. Qd2 Raf8 18. Rf1 d5 19. Bc5 d4 20. b4 Rf4 21. g3
R4f6 22. Rae1 Nc6 23. Bxf8 Kxf8 24. f4 Kg8 25. fxe5 Rxf1 26. Rxf1 Nxe5 27. Qf4
Qd6 28. Re1 Nd7 29. Re8+ Nf8 30. Qxd6 cxd6 31. Rd8 1-0

[Event "AUTO-ADV-2688"]
[Site "http://www.queenalice.com/game.php?id=1170967"]
[Date "2013.4.12"]
[Round "2"]
[White "Andrez"]
[Black "sandro83"]
[Result "0-1"]
[WhiteElo "2032"]
[BlackElo "2036"]

1. f4 d5 2. Nf3 Nf6 3. e3 Bg4 4. Be2 Nc6 5. b3 e6 6. Bb2 Bd6 7. O-O O-O 8. a4
Ne4 9. Na3 a6 10. Qe1 Ne7 11. Qg3 Nxg3 12. hxg3 Nf5 13. Kf2 Be7 14. Rh1 Bf6 15.
d4 c5 16. c3 Qb6 17. Bd1 cxd4 18. cxd4 Bxf3 19. gxf3 Nxd4 20. exd4 Bxd4+ 0-1